000 00909nam a2200289Ia 4500
003 OSt
005 20221006160203.0
006 a|||||r|||| 00| 0
007 ta
008 221006b |||||||| |||| 00| 0 eng d
020 _a9780817946425
_c
_5.00
024 _a44,550
037 _bGift, Koren Embassy
_cTextual
040 _aEASL
_cEASL
_beng
041 _2eng
_aeng
082 _aV495:1949, P5
100 _aLee Hoi-chang
_9672282
245 0 _aFuture of the Korean peninsula and Northeast asiansecurity (Essay in public policy)
260 _aStanford
_buniversity Hoover instution on war ,revolution and
_c2005
300 _a14p.
_ccm.
490 _v KEL
650 _a Korea- Strategic aspects
_9672283
650 _a World politics- st century
_9672284
650 _aKEL
942 _hV495:1949, P5
_cTEXL
_2CC
999 _c1112642
_d1112642